000 00560nam a2200229 a 4500
001 nice12345678
003 IN_TiNIC
005 20260116012412.0
008 050524s1926 lona grp 000 0 eng
020 _a
_c100
082 0 0 _a248.22
_bARS
100 _aArseniew, Nicholas
245 _aMysticism and the Eastern Church
260 _aLondon
_bEdinburgh House Press
_c1926
300 _a172p
500 _aincludes index and biblioraphy
505 2 _aNotes
650 _aMysticism-Christianity
902 _bSRS
942 _cBK
999 _c6880
_d6880